Πρόσκληση στα Μαθηματικά / Οικονομικών και Διοικητικών Επιστημών. (Record no. 3380)
[ view plain ]
| 000 -LEADER | |
|---|---|
| fixed length control field | 02268cam a22001934a 4500 |
| 005 - ΗΜΕΡΟΜΗΝΙΑ ΚΑΙ ΩΡΑ ΤΕΛΕΥΤΑΙΑΣ ΕΝΗΜΕΡΩΣΗΣ | |
| Πεδίο ελέγχου | 20250605163359.0 |
| 008 - FIXED-LENGTH DATA ELEMENTS--GENERAL INFORMATION | |
| Πεδίο ελέγχου σταθερού μήκους | 250528s ||||||||||||||||||||||||d |
| 035 ## - SYSTEM CONTROL NUMBER | |
| System control number | 17986 |
| 020 ## - ISBN | |
| ISBN | 9789606706516 |
| 040 ## - ΠΗΓΗ ΚΑΤΑΛΟΓΟΓΡΑΦΗΣΗΣ | |
| Φορέας πρωτότυπης καταλογογράφησης | MC Athens Campus Library |
| Γλώσσα καταλογογράφησης | Ελληνικά, Μοντέρνα (1453-) |
| Modifying agency | MC Athens Campus Library |
| Κανόνες περιγραφικής καταλογογράφησης | AACR2 |
| 245 1# - ΤΙΤΛΟΣ ΚΑΙ ΔΗΛΩΣΗ ΥΠΕΥΘΥΝΟΤΗΤΑΣ | |
| Τίτλος | Πρόσκληση στα Μαθηματικά / Οικονομικών και Διοικητικών Επιστημών. |
| Number of part/section of a work | Τόμος Α |
| 260 ## - PUBLICATION, DISTRIBUTION, ETC. | |
| Name of publisher, distributor, etc. | Σοφία, |
| Date of publication, distribution, etc. | 2012 |
| 300 ## - PHYSICAL DESCRIPTION | |
| Extent | 764 |
| 520 ## - SUMMARY, ETC. | |
| Summary, etc. | Πρόλογος, Σύνολα και Σχέσεις και Συναρτήσεις, Στοιχεί Θεωρίας Συνόλων και Λογικής, Το Σύστημα των Πραγματικών Αριθμών, Συναρτήσεις, Γραμμικές Συναρτήσεις, Μη Γραμμικές Συναρτήσεις, Εκθετικές και Λογαριθμικές Συναρτήσεις, Περιοδικές Συναρτήσεις, Διαφορικός Λογισμός, Ακολουθίες και Όρια και Σειρές, Όριο και Συνέχεια Συναρτήσεων, Παράγωγος και Ελαστικότητα, Παραγώγιση Συναρτήσεων, Εφαρμογές των Παράγωγων, Μελέτη και Βελτιστοποίηση Συναρτήσεων μιάς Μεταβλητής, Μελέτη και Βελτιστοποίηση Οικονομικών Συναρτήσεων, Ολοκληρωτικός Λογισμός, Ολοκληρώματα, Μέθοδοι Ολοκλήρωσης, Οικονομικές Εφαρμογές Ολοκληρωμάτων, Γραμμική Άλγεβρα Ι, Συστήματα Γραμμικών Εξισώσεων, Διανύσματα, Μήτρες, Η Ορίζουσα και το Ίχνος μιας Μήτρας, Λογισμός Συναρτήσεων Πολλών Μεταβλητών, Συναρτήσεις Πολλών Μεταβλητών και οι Παράγωγοι τους, Εφαρμογές των Μερικών Παράγωγων, Βελτιστοποίηση Πολυμεταβλητών Συναρτήσεων, Παραρτήματα, Βιβλιογραφία. |
| 700 1# - ΠΡΟΣΘΕΤΗ ΑΝΑΓΡΑΦΗ--ΦΥΣΙΚΟ ΠΡΟΣΩΠΟ | |
| Personal name | Λουκάκης Μανώλης |
| 942 ## - ADDED ENTRY ELEMENTS (KOHA) | |
| Koha item type | Books |
| Τύπος τεκμηρίου | Βιβλιοθήκη | Τρέχουσα τοποθεσία | Barcode | Αριθμός εισαγωγής | Ημερομηνία απόκτησης | Ταξιθετικό σύμβολο | Αριθμός αντιτύπου | Κατάσταση απόσυρσης | Κατάσταση χαμένου | Κατάσταση κατεστραμμένου | Μη δανεισμός | Σύνολο δανεισμών | Ημερομηνία τελευταίας εμφάνισης | Η τιμή ισχύει από |
|---|---|---|---|---|---|---|---|---|---|---|---|---|---|---|
| Books | MC Athens Campus Library | MC Athens Campus Library | 9780000033796 | 7428 | 05/06/2025 | 330.0151 LOU V.A | 1 | 05/06/2025 | 05/06/2025 |